Statistics for Top 15 New York Knicks players of all-time

Click here to take the quiz!

General Stats

  • This quiz has been taken 48 times
  • The average score is 8 of 15

Answer Stats

Pos/PlacementAnswer% Correct
C #1Patrick Ewing
98%
SF #5Carmelo Anthony
96%
PG #2Walt Frazier
89%
C #3Willis Reed
83%
SF#4Bernard King
65%
PF #7Dave Debusschere
59%
SG #10John Starks
57%
SG #9Allan Houston
52%
SG #6Earl Monroe
52%
C #11Bill Bradley
37%
PG #14Mark Jackson
37%
SG #8Richie Guerin
30%
SF #15Latrell Sprewell
28%
C #13Kriptaps Porzingis
26%
C #12Walt Bellamy
11%

Score Distribution

Percentile by Number Answered

Percent of People with Each Score

Your Score History

You have not taken this quiz